WWE United States Champions - Sudden Death - Statistics

General Stats
  • This quiz has been taken 281 times
  • The average score is 8 of 21
Answers on the Grid
Answers color-coded by a green-red scale on the quiz's grid according to % correct below.
Alberto Del Rio
Apollo Crews
Big Show
Bobby Lashley
Bobby Roode
Braun Strowman
Brian Kendrick
Carlito
Cedric Alexander
Chavo Guerrero
Chris Masters
Christian
Damian Priest
David Otunga
Eddie Guerrero
Evan Bourne
Finlay
Finn Balor
Hardcore Holly
JBL
Jinder Mahal
Jeff Hardy
Kalisto
Kane
Lance Storm
Mark Henry
Matt Hardy
Mustafa Ali
Orlando Jordan
Randy Orton
Rene Dupree
Ric Flair
Ricochet
Rob Van Dam
Ryback
Samoa Joe
Santino Marella
Ted DiBiase Jr.
Umaga
Wade Barrett
William Regal
Zack Ryder
 
Answer Stats
Answer % Correct
Alberto Del Rio
66%
Bobby Lashley
65%
Apollo Crews
60%
Bobby Roode
58%
Big Show
53%
Carlito
53%
Damian Priest
45%
Randy Orton
44%
Jeff Hardy
41%
Eddie Guerrero
34%
JBL
34%
Jinder Mahal
33%
Kalisto
32%
Finn Balor
31%
Zack Ryder
31%
Ricochet
27%
Samoa Joe
27%
Matt Hardy
24%
Orlando Jordan
21%
Santino Marella
21%
Finlay
17%
No matching quizzes found
Score Distribution
Percent of People with Each Score
Percentile by Number Answered
Your Score History
You have not taken this quiz